000 00256nam a22001097a 4500
008 170123b xxu||||| |||| 00| 0 eng d
020 _a9780781795180
041 _aeng
080 _23RD
_a618.2
245 _aCLINICAL NURSING SKILLS
_cLYNN, P
942 _2udc
_cBK
999 _c3375
_d3375